Loading...
| Religion | 0 | 5 | 0 | 1 | 50 | 67 | 96.40 | 1 | 5 | 0.00 | 0.00 |
| Fine Arts - Painting & Sculpture | 0 | 5 | 1 | 0 | 45 | 57 | 103.40 | 2 | 5 | 0.00 | 0.00 |
| Fine Arts - Classical Music | 0 | 5 | 1 | 1 | 45 | 78 | 100.60 | 1 | 5 | 0.00 | 0.00 |
| Literature - World | 0 | 4 | 1 | 0 | 35 | 63 | 100.00 | 1 | 4 | 0.00 | 0.00 |
| Literature - American | 0 | 3 | 0 | 0 | 30 | 61 | 76.67 | 1 | 3 | 0.00 | 0.00 |
| Mythology | 0 | 4 | 2 | 0 | 30 | 57 | 92.25 | 1 | 4 | 0.00 | 0.00 |
| Science - Physics | 0 | 2 | 0 | 0 | 20 | 54 | 79.50 | 0 | 2 | 0.00 | 0.00 |
| Fine Arts - Other | 0 | 2 | 0 | 2 | 20 | 125 | 131.00 | 1 | 2 | 0.00 | 0.00 |
| Literature - British | 0 | 2 | 0 | 0 | 20 | 106 | 115.00 | 0 | 2 | 0.00 | 0.00 |
| Other | 0 | 2 | 0 | 0 | 20 | 15 | 56.00 | 1 | 1 | 0.00 | 0.00 |
| Science - Biology | 0 | 1 | 0 | 0 | 10 | 93 | 93.00 | 0 | 1 | 0.00 | 0.00 |
| Literature - European | 0 | 2 | 2 | 0 | 10 | 94 | 99.00 | 0 | 2 | 0.00 | 0.00 |
| Science - Other | 0 | 1 | 0 | 0 | 10 | 93 | 93.00 | 0 | 1 | 0.00 | 0.00 |
| Philosophy | 0 | 1 | 0 | 0 | 10 | 125 | 125.00 | 0 | 1 | 0.00 | 0.00 |
| History - American | 0 | 1 | 0 | 0 | 10 | 79 | 79.00 | 0 | 1 | 0.00 | 0.00 |
| History - European | 0 | 1 | 1 | 0 | 5 | 98 | 98.00 | 0 | 1 | 0.00 | 0.00 |
| History - Other | 0 | 1 | 1 | 0 | 5 | 131 | 131.00 | 0 | 0 | 0.00 | 0.00 |
| History - World | 0 | 1 | 1 | 1 | 5 | 129 | 129.00 | 0 | 0 | 0.00 | 0.00 |
| Science - Chemistry | 0 | 0 | 2 | 0 | -10 | 0.00 | 0 | 0 | 0.00 | 0.00 |